1559 1142 1363 1573 1680 1015 1997 1808 1685 1044 1914 1657 1350 1457 1238 1749 1250 1057 1436 1676 1071 1362 1144 1663 1769 1076 1159 1288 1005 1707 1595 1040 1347 1459 1727 1900 1825 1867 1431 1799 1236 1883 1608 1904 1917 1858 1066 1356 1995 1197 1949 1520 1358 1743 1916 1990 1417 1547 1043 1639 1061 1471 1394 1542 1642 1109 1835 1364 1016 1982 1649 1083 1843 1092 1081 1845 1228 1271 1143 1009 1551 1375 1749 1578 1848 1697 1530 1563 1409 1257 1386 1633 1418 1236 1717 1346 1365 1654 1462 BCNSPRNW ULIB Ver.6.0+V

เปลี่ยนเป็นภาษาไทย

Change to English
 แสดงรายละเอียดบรรณานุกรม
  กลับหน้าหลัก

Brief Record : Get Marc (ISO 2709) : E-mail record : QR code < ปิดหน้าต่าง
LEADER : 00000nam 2200000uu 4500
001    13399129208
003     ULIB
008    260511s2568||||th 000 0 tha d
020    ^a9786169375456
060  4 ^aWC100^bU66
245 0  ^aUpdate in infectious diseases 2025 /^cบรรณาธิการ, รุจิภาส สิริจตุภัทร, นันตรา สุวันทารัตน์, ภาคภูมิ พุ่มพวง, วรพงศ์ นาสมทรง, อนุภพ จิตต์เมือง
250    ^aพิมพ์ครั้งที่ 1.
260    ^aกรุงเทพฯ :^bสมาคมโรคติดเชื้อแห่งประเทศไทย,^c2568.
300    ^ai, 482 หน้า :^bภาพประกอบ, แผนภูมิ ;^c21 ซม
505 0  ^aการทดสอบความไวต่อยาต้านจุลชีพด้วย การทดสอบโดยตรงจากผลเพาะเชื้อในเลือดเป็นบวก / วิชชุดา กมลวิทย์, อนุภพ จิตต์เมือง -- การดูแลวินิจฉัยและการใช้ยาปฏิชีวนะอย่างสมเหตุสมผล : การตรวจที่ดีนำไปสู่ผลลัพธ์ที่ดีกว่า / กิตติยา จันทรธานีวัฒน์, นันตรา สุวันทารัตน์ -- แนวทางการวินิจฉัยและการจัดการสำหรับเชื้อมัยโคแบคทีเรียที่ไม่ใช่เชื้อวัณโรค / สุวัชรีพร โรจน์ชีวพันธ์, กันภัย วงษ์จริต -- การวินิจฉัยการติดเชื้อราแบบรุกรานโดยไม่ไช้การเพาะเลี้ยง / พิริยาภรณ์ จงตระกูล -- การนำแนวทางป้องกันและควบคุมการติดเชื้อไปใช้จริงในทางปฏิบัติ / ภาศรี มหารมณ์ -- โรคอุบัติใหม่ที่เกิดจากเชื้อไวรัสที่น่าสนใจ : ไข้หวัดนก vs ไข้หวัดใหญ่ / ปัทมา ต.วรพานิช -- การจัดการภาวะแทรกซ้อนที่เกี่ยวข้องกับยาต้านไวรัส : ปัญหาด้านหัวใจและเมตาบอลิซึม ไต และอื่น ๆ / มนัสวี วรรธนทวาทศ, อรนิช นาวานุเคราะห์ -- การบิองกันการติดเชื้อไวรัสตับอักเสบหลังการสัมผัสเชื้อ / วศิน วาสิกะสิน -- การติดเชื้อราฉวยโอกาสในผู้ติดเชื้อเอชไอวี / วุฒิเศรษฐ์ ฐิตินันท์เมือง, ธนานันต์ ตัณฑ์โพบูลย์ -- การติดเชื้อราที่ผิวหนังและเล็บ / ภัทริยา จิรวัฒนาดล -- โรคติดเชื้อราที่ชั้นใต้ผิวหนัง / ภาคภูมิ พุ่มพวง -- การติดเชื้อในผู้ป่วยปลูกถ่ายอวัยวะ : สิ่งที่ควรรู้สำหรับแพทย์โรคติดเชื้อ / สรวิชญ์ ชิตตระการ -- การติดเชื้อในผู้ป่วยปลูกถ่ายเซลล์ต้นกำเนิดเม็ดเลือด : สิ่งควรรู้สำหรับแพทย์โรคติดเชื้อ / วรวงศ์ ชื่นสุวรรณ -- โรคติดเชื้อไซโตเมกาโลโวรัสในผู้ป่วยภูมิคุ้มกันต่ำ / ปรเมษฐ์ วินิจจะกูล, สิริอร วัชรานานันท์ -- การจัดการการติดเชื้อในช่องท้อง : การใช้ยาต้านจุลชีพอย่างเหมาะสม / กิตติศักดิ์ ผลถาวรกุลชัย -- การดูแลรักษาการติดเชื้อที่เท้าจากโรคเบาหวาน / ประสิทธิ์ อุพาพรรณ -- ความรู้ปัจจุบันเกี่ยวกับการจัดการการติดเชื้อในข้อเทียม / พรรณศจี ดำรงค์เลิศ -- เยื่อหุ้มสมองอักเสบจากแบคทีเรีย / พิสุทธิ์ ศิริไพฑูรย์ -- การรักษาวัณโรคดื้อยาหลายขนาน / ศุภโชค เกิดลาภ, สุทธิชัย วิสุทธิชัยกิจ -- โรคติดเชื้อหนอนพยาธิในประเทศไทย / ธนยา ศิริปุณย์, ปาริชาติ สาลี
505 0  ^aบทที่ 1 ^tการทดสอบความไวต่อยาต้านจุลชีพด้วย การทดสอบโดยตรงจากผลเพาะเชื้อในเลือดเป็นบวก /^rวิชชุดา กมลวิทย์, อนุภพ จิตต์เมือง -- บทที่ 2 ^tการดูแลวินิจฉัยและการใช้ยาปฏิชีวนะอย่างสมเหตุสมผล : การตรวจที่ดีนำไปสู่ผลลัพธ์ที่ดีกว่า /^rกิตติยา จันทรธานีวัฒน์, นันตรา สุวันทารัตน์ -- บทที่ 3 ^tแนวทางการวินิจฉัยและการจัดการสำหรับเชื้อมัยโคแบคทีเรียที่ไม่ใช่เชื้อวัณโรค /^rสุวัชรีพร โรจน์ชีวพันธ์, กันภัย วงษ์จริต -- บทที่ 4 ^tการวินิจฉัยการติดเชื้อราแบบรุกรานโดยไม่ไช้การเพาะเลี้ยง /^rริยาภรณ์ จงตระกูล -- บทที่ 5 ^tการนำแนวทางป้องกันและควบคุมการติดเชื้อไปใช้จริงในทางปฏิบัติ /^rภาศรี มหารมณ์ -- บทที่ 6 ^tโรคอุบัติใหม่ที่เกิดจากเชื้อไวรัสที่น่าสนใจ : ไข้หวัดนก vs ไข้หวัดใหญ่ /^rปัทมา ต.วรพานิช -- บทที่ 7 ^tการจัดการภาวะแทรกซ้อนที่เกี่ยวข้องกับยาต้านไวรัส : ปัญหาด้านหัวใจและเมตาบอลิซึม ไต และอื่น ๆ /^rมนัสวี วรรธนทวาทศ, อรนิช นาวานุเคราะห์ -- บทที่ 8 ^tการป้องกันการติดเชื้อไวรัสตับอักเสบหลังการสัมผัสเชื้อ /^rวศิน วาสิกะสิน – บทที่ 9 ^tการติดเชื้อราฉวยโอกาสในผู้ติดเชื้อเอชไอวี /^rวุฒิเศรษฐ์ ฐิตินันท์เมือง, ธนานันต์ ตัณฑ์โพบูลย์ -- บทที่ 10 ^tการติดเชื้อราที่ผิวหนังและเล็บ /^rภัทริยา จิรวัฒนาดล -- บทที่ 11 ^tโรคติดเชื้อราที่ชั้นใต้ผิวหนัง /^rภาคภูมิ พุ่มพวง -- บทที่ 12 ^tการติดเชื้อในผู้ป่วยปลูกถ่ายอวัยวะ : สิ่งที่ควรรู้สำหรับแพทย์โรคติดเชื้อ /^rสรวิชญ์ ชิตตระการ -- บทที่ 13 ^tการติดเชื้อในผู้ป่วยปลูกถ่ายเซลล์ต้นกำเนิดเม็ดเลือด : สิ่งควรรู้สำหรับแพทย์โรคติดเชื้อ /^rวรวงศ์ ชื่นสุวรรณ -- บทที่ 14 ^tโรคติดเชื้อไซโตเมกาโลไวรัสในผู้ป่วยภูมิคุ้มกันต่ำ /^rปรเมษฐ์ วินิจจะกูล, สิริอร วัชรานานันท์ -- บทที่ 15 ^tการจัดการการติดเชื้อในช่องท้อง : การใช้ยาต้านจุลชีพอย่างเหมาะสม /^rกิตติศักดิ์ ผลถาวรกุลชัย -- บทที่ 16 ^tการดูแลรักษาการติดเชื้อที่เท้าจากโรคเบาหวาน /^rประสิทธิ์ อุพาพรรณ -- บทที่ 17 ^tความรู้ปัจจุบันเกี่ยวกับการจัดการการติดเชื้อในข้อเทียม /^rพรรณศจี ดำรงค์เลิศ -- บทที่ 18 ^tเยื่อหุ้มสมองอักเสบจากแบคทีเรีย /^rพิสุทธิ์ ศิริไพฑูรย์ -- บทที่ 19 ^tการรักษาวัณโรคดื้อยาหลายขนาน /^rศุภโชค เกิดลาภ, สุทธิชัย วิสุทธิชัยกิจ -- บทที่ 20 ^tโรคติดเชื้อหนอนพยาธิในประเทศไทย /^rธนยา ศิริปุณย์, ปาริชาติ สาลี.
650    ^aโรคติดต่อ^xการป้องกัน.
650  2 ^aAvian influenza.
650  2 ^aCommunicable diseases.
650  2 ^aInfectious diseases.
650  2 ^aInfluenza, Human.
650  2 ^aไข้หวัดใหญ่
650  4 ^aโรคติดเชื้อ^xการรักษา.
650  4 ^aโรคติดต่อ.
650  4 ^aโรคติดต่อ^xการรักษา.
650  4 ^aโรคติดต่อ^xการวินิจฉัย.
650  4 ^aสารต้านเชื้อรา.
650  7 ^aไข้หวัดนก
650  7 ^aโรคติดเชื้อ
650  7 ^aโรคติดเชื้ออุบัติใหม่
700 0  ^aนันตรา สุวันทารัตน์, บรรณาธิการร่วม
700 0  ^aภาคภูมิ พุ่มพวง, บรรณาธิการร่วม
700 0  ^aรุจิภาส สิริจตุภัทร, บรรณาธิการ
700 0  ^aวรพงศ์ นาสมทรง, บรรณาธิการร่วม
700 0  ^aอนุภพ จิตต์เมือง, บรรณาธิการร่วม
700 0   ^aกันภัย วงษ์จริต.^tแนวทางการวินิจฉัยและการจัดการสำหรับเชื้อมัยโคแบคทีเรียที่ไม่ใช่เชื้อวัณโรค
700 0   ^aสุวัชรีพร โรจน์ชีวพันธ์.^tแนวทางการวินิจฉัยและการจัดการสำหรับเชื้อมัยโคแบคทีเรียที่ไม่ใช่เชื้อวัณโรค
710 2  ^aสมาคมโรคติดเชื้อแห่งประเทศไทย
999    ^aประนอม เกษจรัล
รายการนี้ยังไม่มีแท็ก
คุณยังไม่ได้ล็อกอิน คุณสามารถมีกิจกรรมร่วมกับเว็บไซต์ได้ แต่ต้องล็อกอินก่อน ::
  ล็อกอิน

รายการสื่อสารสนเทศ

ลำดับที่ ประเภท เลขเรียก/บาร์โค้ด สถานที่ สถานะ
1. วิทยาศาสตร์การแพทย์ และสุขภาพ
หนังสือสำรอง
สถานะ=หนังสือสำรอง
WC100 U66 ฉ.1 
  Barcode: 012190
ห้องสมุดวิทยาเขตสวรรค์ประชารักษ์
►หนังสือทั่วไป
บนชั้น

รายการใกล้เคียง
    หัวเรื่อง [ไข้หวัดใหญ่]
    หัวเรื่อง [โรคติดต่อ.]
    หัวเรื่อง [สารต้านเชื้อรา.]
    หัวเรื่อง [ไข้หวัดนก]
    หัวเรื่อง [โรคติดเชื้อ]

BibComment


ยังไม่เคยถูกคอมเมนท์

คอมเมนท์ทรัพยากรรายการนี้
  คอมเมนท์: Update in infect..


 Copyright 2026. Bcnsprnw @Library